000 01059nam a22002297a 4500
003 0
005 20251003162608.0
008 251003b xxu||||| |||| 00| 0 eng d
020 _a978-1-382-06392-0
050 _aTR IB .QA 76.9.I5
_b.M33 2025
100 _aMackenty, Bill
_eauthor.
245 _aComputer science :
_bcourse conpanion /
_cBill Mackenty, Lindsey Stephensom, and James Abela.
250 _aFirst edition.
260 _aOxford :
_bOxford University Press,
_c2025.
300 _a616 pages :
_billustrations ;
_c28 cm.
500 _a“IB-approved content aligned to the 2025 subject guide.” (from publisher) :
520 _aA comprehensive course book designed to support both Standard Level and Higher Level IB DP Computer Science aligned with the 2025 syllabus, including worked examples, programming guidance, and real-world contexts.
650 _aComputer science
_vTextbooks.
650 _aComputer science—Study and teaching (Secondary)
_vTextbooks.
650 _aProgramming (Computer science)
_vTextbooks.
942 _2lcc
_cBK
999 _c368180
_d368180